000
002840000a22001330004500
003
MACL
040
_a
MACL
090
_c
8238
_d
8237
100
_a
Pruthi, Dr, R K
245
_a
NGOs, Civil Society and Global future
260
_b
Raj Publications
_c
2008
350
_a
825
942
_c
BOOK
999
_c
8188
_d
8188